[Event "US Open-116"]
[Site "Phoenix"]
[Date "2015.08.06"]
[Round "6"]
[White "Fields, Noah Dennis"]
[Black "Malhotra, Akshay"]
[Result "1-0"]
[WhiteElo "1896"]
[BlackElo "2171"]
[PlyCount "67"]
[EventDate "2015.08.01"]
[EventType "swiss"]
[EventRounds "9"]
[EventCountry "USA"]
[SourceTitle "CBM 167 Extra"]
[Source "ChessBase"]
[SourceDate "2015.09.14"]
[SourceVersion "1"]
[SourceVersionDate "2015.09.14"]
[SourceQuality "1"]

1. e4 c5 2. Nf3 d6 3. d4 cxd4 4. Nxd4 Nf6 5. Nc3 g6 6. Be3 Bg7 7. f3 Nc6 8. Qd2 0-0 9. g4 Be6 10. 0-0-0 Nxd4 11. Bxd4 Qa5 12. Kb1 Kh8 13. h4 h5 14. gxh5 Qxh5 15. Be2 Rac8 16. Rdg1 Bc4 17. Bd1 e5 18. Be3 Be6 19. Bg5 Qh7 20. h5 Nxh5 21. f4 exf4 22. Bxh5 gxh5 23. Qe2 f3 24. Qxf3 f6 25. Rxh5 fxg5 26. Rxh7+ Kxh7 27. Qh5+ Bh6 28. Rh1 Rf6 29. e5 dxe5 30. Ne4 Rg6 31. Nxg5+ Kg7 32. Nxe6+ Rxe6 33. Qg4+ Kf7 34. Qf5+ 1-0

[Event "Arlington DC op 2nd"]
[Site "Arlington"]
[Date "2014.06.28"]
[Round "5"]
[White "Malhotra, Akshay"]
[Black "Yogesh, Gautam"]
[Result "1-0"]
[WhiteElo "2001"]
[BlackElo "2101"]
[PlyCount "117"]
[EventDate "2014.06.26"]
[EventType "swiss"]
[EventRounds "9"]
[EventCountry "USA"]
[SourceTitle "CBM 161 Extra"]
[Source "ChessBase"]
[SourceDate "2014.08.29"]
[SourceVersion "1"]
[SourceVersionDate "2014.08.29"]
[SourceQuality "1"]

1. Nf3 e6 2. c4 Be7 3. Nc3 Nf6 4. d4 0-0 5. Bg5 h6 6. Bh4 d5 7. e3 Ne4 8. Bxe7 Qxe7 9. Bd3 Nxc3 10. bxc3 b6 11. cxd5 exd5 12. 0-0 c5 13. Qe2 c4 14. Bc2 Bb7 15. Rfe1 Nd7 16. Nd2 f5 17. f3 Rae8 18. e4 Qa3 19. Nb1 Qb2 20. Ba4 Qxa1 21. Bxd7 Re7 22. e5 Rxd7 23. Qd2 Bc6 24. Na3 Qxe1+ 25. Qxe1 b5 26. Nc2 a5 27. a3 f4 28. Qh4 Rb7 29. Qg4 Bd7 30. Qg6 Bf5 31. Qc6 Rfb8 32. Qxd5+ Kh7 33. Nb4 axb4 34. axb4 Ra7 35. h4 Ra1+ 36. Kh2 Re1 37. Qf7 Bg6 38. Qxf4 Ra8 39. d5 Re8 40. e6 Rd8 41. h5 Bxh5 42. Qh4 Rxd5 43. Qxe1 Rd8 44. Qe5 Be8 45. e7 Rd3 46. Qf5+ Bg6 47. Qxg6+ Kxg6 48. e8Q+ Kh7 49. Qe5 Kg8 50. Kg3 Kh7 51. Kf4 Kg8 52. Ke4 Kh7 53. Qf5+ Kg8 54. Qxb5 Rxc3 55. Kd4 Rc1 56. Qxc4+ Rxc4+ 57. Kxc4 Kf7 58. Kd5 Ke7 59. Ke5 1-0

[Event "World Amateur-ch"]
[Site "Iasi"]
[Date "2013.04.28"]
[Round "7"]
[White "Malhotra, Akshay"]
[Black "Egeto, Janos Lehel"]
[Result "1-0"]
[WhiteElo "1898"]
[BlackElo "1865"]
[PlyCount "39"]
[EventDate "2013.04.22"]
[EventType "swiss"]
[EventRounds "9"]
[EventCountry "ROU"]
[SourceTitle "CBM 154 Extra"]
[Source "ChessBase"]
[SourceDate "2013.06.25"]
[SourceVersion "2"]
[SourceVersionDate "2013.06.25"]
[SourceQuality "1"]

1. d4 d5 2. c4 c6 3. Nf3 Nf6 4. e3 e6 5. b3 Bd6 6. Bd3 Nbd7 7. Bb2 Qc7 8. Nbd2 0-0 9. 0-0 Qb8 10. Rc1 h6 11. Re1 e5 12. cxd5 cxd5 13. e4 dxe4 14. Nxe4 Nxe4 15. Bxe4 exd4 16. Qxd4 Nf6 17. Bb1 Rd8 18. Qh4 Bf4 19. Rc4 Bg5 20. Nxg5 1-0

[Event "World Amateur-ch"]
[Site "Iasi"]
[Date "2013.04.22"]
[Round "1"]
[White "Fotache, Tudor Felix"]
[Black "Malhotra, Akshay"]
[Result "0-1"]
[WhiteElo "1524"]
[BlackElo "1898"]
[PlyCount "80"]
[EventDate "2013.04.22"]
[EventType "swiss"]
[EventRounds "9"]
[EventCountry "ROU"]
[SourceTitle "CBM 154 Extra"]
[Source "ChessBase"]
[SourceDate "2013.06.25"]
[SourceVersion "2"]
[SourceVersionDate "2013.06.25"]
[SourceQuality "1"]

1. e4 c5 2. Nf3 d6 3. c3 Nf6 4. Bd3 Nc6 5. Bc2 Bg4 6. Ba4 Qc7 7. d4 cxd4 8. cxd4 d5 9. e5 Nd7 10. Be3 e6 11. Nc3 Be7 12. Rc1 0-0 13. 0-0 a6 14. Ne2 f6 15. exf6 Bxf6 16. Nf4 Qd6 17. Bxc6 bxc6 18. Qc2 Bxf3 19. gxf3 e5 20. Ne2 Rac8 21. Qa4 exd4 22. Bxd4 c5 23. Bxf6 Rxf6 24. Qa3 Ne5 25. Rc3 Nc4 26. Qa4 Nd2 27. Rd1 Nxf3+ 28. Rxf3 Rxf3 29. Qg4 Rcf8 30. Qg2 d4 31. Ng3 Qg6 32. Rc1 Qg5 33. Rd1 h5 34. Rf1 d3 35. Rd1 c4 36. a3 Rxf2 37. Qxf2 Rxf2 38. Kxf2 h4 39. Nf1 Qf4+ 40. Ke1 Qe5+ 0-1

[Event "Red River Shootout 08th"]
[Site "Davis"]
[Date "2010.04.18"]
[Round "1"]
[White "Malhotra, Akshay"]
[Black "Veal, Joe Dean"]
[Result "1/2-1/2"]
[WhiteElo "1749"]
[BlackElo "2028"]
[PlyCount "66"]
[EventDate "2010.04.18"]
[EventType "team-match"]
[EventRounds "2"]
[EventCountry "USA"]
[SourceTitle "CBM 136 Extra"]
[Source "ChessBase"]
[SourceDate "2010.07.02"]
[SourceVersion "2"]
[SourceVersionDate "2010.07.15"]
[SourceQuality "1"]

1. e4 e6 2. d4 d5 3. e5 c5 4. c3 Nc6 5. Nf3 Bd7 6. Bd3 Qc7 7. 0-0 f6 8. Bf4 g5 9. Bg3 Qb6 10. b3 g4 11. Nh4 f5 12. f3 gxf3 13. Qxf3 0-0-0 14. Bf2 Nh6 15. Qe2 Ng4 16. Nf3 Nxf2 17. Qxf2 Be7 18. Nbd2 Rhg8 19. Kh1 Rg7 20. Rac1 Rdg8 21. Rg1 cxd4 22. cxd4 Kb8 23. Bb1 Ba3 24. Rcd1 Rg4 25. Nf1 Be8 26. Ne3 R4g7 27. Nc2 Be7 28. Rd3 f4 29. Rdd1 Bg6 30. Nce1 Be4 31. Nc2 Qa5 32. Nce1 Qb6 33. Nc2 Qa5 1/2-1/2